000 01075nam a2200265Ia 4500
003 OSt
005 20221005104620.0
006 a|||||r|||| 00| 0
007 ta
008 221004b |||||||| |||| 00| 0 hin d
020 _a8188545015 (hbk)
_c300
024 _a101968
037 _b353, 02/03/2010, Swaraj Prakashan
_cTextual
040 _aCRL
_cCRL
_bhin
041 _2hin
_ahin
082 _aO111,2J64x, 152P8
100 _aशेक्सपियर, विलियम
245 0 _aशेक्सपियर की कालजयी कहानियॉं
246 _aSheksapiyar kī kālajayī kahāniyaॉan
260 _aदिल्ली
_bराष्ट्रीय साहित्य सदन भारत
_c2008
300 _a256पृ0
_ccm.
700 _a मरियम, लुबना, संपा.
942 _hO111,2J64x, 152P8
_cTEXL
_2cc
999 _c1013256
_d1013256